Statistics for Fifa 23 Top 50 Asian Players

Click here to take the quiz!

General Stats

  • This quiz has been taken 63 times
  • The average score is 11 of 50

Answer Stats

RatingClubNationPlayer% Correct
89Tottenham HotspurSouth KoreaHeung-Min Son
100%
81FC PortoIranMehdi Taremi
61%
84Inter MilanTurkeyHakan Calhanoglu
57%
81Inter MilanArmeniaHenrikh Mkhitaryan
52%
80Eintracht FrankfurtJapanDaichi Kamada
48%
79ArsenalJapanTakehiro Tomiyasu
46%
79Napoli FCSouth KoreaKim Min-Jae
44%
80Bayer LeverkusenIranSardar Azmoun
44%
79AS MonacoRussiaAlexandr Golovin
43%
78Leicester CityTurkeyCaglar Soyuncu
41%
79Olympique MarseilleTurkeyCengiz Under
35%
79Borussia DortmundTurkeySalih Ozcan
35%
77WolvesSouth KoreaHwang Hee-Chan
31%
77Fortuna SittardTurkeyBurak Yilmaz
30%
79FeyenoordTurkeyOrkun Kokcu
30%
78Stade ReimsJapanJunya Ito
28%
76FulhamIsraelManor Solomon
22%
77Bergamo CalcioTurkeyMerih Demiral
22%
75AS MonacoJapanTakumi Minamino
22%
78VFB StuttgartJapanWataru Endo
22%
78Getafe CFTurkeyEnes Unal
20%
75TSG HoffenheimIsraelMunas Dabbur
20%
77SC FreiburgJapanRitsu Doan
20%
76FSV Mainz 05South KoreaLee Jae-Sung
19%
77Al-HilalSaudi ArabiaSalem Al-Dawsari
19%
80TrabzonsporTurkeyUgurcan Cakir
17%
78TorinoRussiaAlexey Miranchuk
15%
75Borussia MonchengladbachJapanKo Itakura
15%
79Columbus CrewArmeniaLucas Zelarayan
13%
76Roma FCTurkeyZeki Celik
13%
76Bayer LeverkusenRussiaAndrey Lunev
11%
76Sporting CPJapanHidemasa Morita
11%
75CelticJapanKyogo Furuhashi
11%
75SpeziaUzbekistanEldor Shomurodov
9%
77FenerbahceTurkeyIrfan Kahveci
9%
75Arminia BielefeldJapanMasaya Okugawa
9%
75West Bromwich AlbionTurkeyOkay Yokuslu
9%
76AntalyasporTurkeyOmer Toprak
9%
76Granada CFIsraelShon Weissman
9%
76TrabzonsporTurkeyYusuf Yazici
9%
75TrabzonsporTurkeyAbdulkadir Omur
7%
75RSC AnderlechtIsraelLior Refaelov
7%
78FenerbahceTurkeyAltay Bayindir
6%
75Al-HilalSaudi ArabiaSalman Al-Faraj
6%
76AntalyasporJapanShoya Nakajima
6%
77Gil VicenteRussiaStanislav Kritsyuk
4%
75BesiktasTurkeyErsin Destanoglu
2%
76Fatih KaragumrukRussiaMagomed Ozdoev
2%
75TrabzonsporTurkeyDorukhan Tokoz
0%
75Al-HilalSouth KoreaJang Hyeon-Soo
0%

Score Distribution

Percentile by Number Answered

Percent of People with Each Score

Your Score History

You have not taken this quiz